00217nam a22000977a 4500082001200000100001900012245003000031260003600061300000900097650001300106 a512 KRE aKrechmar, V.A. aA Problem Book in Algebra aMoscow:bMIR publishers,c1972. a504p aAlgebra